| 000 | 00537cam a22002051 4500 | ||
|---|---|---|---|
| 001 | 1698924 | ||
| 005 | 20180131045520.0 | ||
| 008 | 740514s1967 nyu bd 000 0 eng | ||
| 010 | _a 67010059 | ||
| 040 |
_aDLC _cDLC _dDLC |
||
| 041 | _aeng | ||
| 080 | _a103 EDW | ||
| 082 | 0 | 0 | _a103 EDW |
| 100 | _a24 | ||
| 101 | _aFIL | ||
| 245 | 0 | 4 |
_aThe Encyclopedia of philosophy. _cPaul Edwards, editor in chief. |
| 504 | _aIncludes bibliographical references. | ||
| 906 |
_a7 _bcbc _corignew _du _eocip _f19 _gy-gencatlg |
||
| 942 |
_2ddc _cBK |
||
| 999 |
_c41356 _d41356 |
||